[Event "FRA-ch Youth 2017"]
[Site "Belfort"]
[Date "2017.04.23"]
[Round "9"]
[White "Meillon, Judicael"]
[Black "Papadiamandis, Elliot"]
[Result "0-1"]
[WhiteElo "1884"]
[BlackElo "1944"]
[Annotator "NA RC"]
[PlyCount "81"]
[EventDate "2017.??.??"]
[EventCountry "FRA"]
[SourceTitle "playchess.com"]
[Source "ChessBase"]
[SourceQuality "1"]
[TimeControl "5400+30"]

{[%evp 8,81,34,24,30,28,36,41,41,19,32767,31,34,32767,11,-4,0,-47,10,-44,-45,-52,-39,-31,-41,-106,-52,32767,32767,0,0,-13,0,-66,0,0,-14,-14,26,29,37,32767,32767,-10,16,32767,4,6,20,32767,32767,32767,-128,32767,32767,32767,-241,-272,-282,-298,-296,-308,-302,-310,-312,-316,-279,32767,32767,32767,32767,-293,-297,-322,-332,-464]} 1. e4 {[%emt 0:00:00]} c5 {[%emt 0:00:10]} 2. Nf3 {[%emt 0:00:00]} d6 {[%emt 0:00:06]} 3. d4 {[%emt 0:00:00]} cxd4 {[%emt 0:00:04]} 4. Nxd4 {[%emt 0:00:00]} Nf6 {[%emt 0:00:25]} 5. Nc3 {[%emt 0:00:00]} a6 {[%emt 0:00:21]} 6. g3 {[%emt 0:00:00]} e6 {[%emt 0:03:49]} 7. Bg2 {[%emt 0:00:00]} Qc7 {[%emt 0:02:05]} 8. O-O {[%emt 0:01:59] LiveBook: 323 Games} Nc6 {[%emt 0:06:20]} 9. Bg5 {[%emt 0:07:37] B80: Sicilian Scheveningen: 6 g3 and 6 Be3, including English Attack} (9. a4 Be7 10. Be3 O-O 11. f4 Rb8 12. Kh1 Nd7 13. Qe2 Nxd4 14. Bxd4 b6 15. Rad1 Bb7 16. f5 Bf6 17. Bxf6 Nxf6 18. g4 exf5 19. Rxf5 Rbe8 20. g5 Nd7 {0-1 (29) Wei,Y (2709)-Xu,Y (2516) Shenzhen 2016}) 9... Be7 {[%emt 0:01:05]} 10. Qd2 {[%emt 0:20:08]} Ne5 $146 {[%emt 0:08:52]} (10... h6 11. Nxc6 bxc6 12. Bxf6 Bxf6 13. Rad1 Be7 14. Na4 O-O 15. c4 Rb8 16. b4 Rd8 {0-1 (36) Simpson,B (1843)-Shen,V (2401) Reykjavik 2015}) 11. b3 {[%emt 0:06:44]} h6 {[%emt 0:03:27]} 12. Bf4 {[%emt 0:05:26]} Ng6 {[%emt 0:01:06]} 13. Nde2 {[%emt 0:01:06]} ({White should play} 13. Be3 $11) 13... Nxf4 {[%emt 0:00:36]} 14. Nxf4 {[%emt 0:02:00]} Bd7 {[%emt 0:01:53]} 15. Nce2 {[%emt 0:13:42]} Bc6 {[%emt 0:02:40]} 16. Qd3 {[%emt 0:15:24]} (16. Qe3 $15) 16... O-O {[%emt 0:14:52]} (16... g5 $17 17. Nh3 e5) 17. c4 {[%emt 0:04:58]} b6 {[%emt 0:01:33]} 18. Nd4 {[%emt 0:06:11]} Bd7 {[%emt 0:01:58]} 19. Nfe2 {[%emt 0:00:43]} Rad8 {[%emt 0:03:21]} 20. f4 {[%emt 0:04:18]} (20. Rfd1 $11) 20... Bc8 {[%emt 0:07:04]} (20... b5 $15) 21. Rac1 {[%emt 0:01:02]} Bb7 {[%emt 0:05:47]} 22. f5 {[%emt 0:02:37]} exf5 {[%emt 0:04:42]} (22... e5 $15 23. Nc2 {[#]} b5 $1 {[%mdl 512]}) 23. Nxf5 {[%emt 0:00:59]} Rfe8 {[%emt 0:00:44]} 24. Nc3 {[%emt 0:02:09]} Ng4 {[%emt 0:04:15]} 25. Nd5 {[%emt 0:01:12]} Bxd5 {[%emt 0:00:07]} 26. cxd5 {[%emt 0:01:25]} Qa7 {[%emt 0:00:28]} 27. Qc3 b5+ {[%emt 0:00:54]} 28. Qd4 {[%emt 0:02:55]} Qxd4+ {[%emt 0:00:16]} 29. Nxd4 {[%emt 0:00:01]} Bg5 {[%emt 0:00:35]} 30. Nc6 {[%emt 0:01:08]} Bxc1 {[%emt 0:00:35]} 31. Rxc1 {[%emt 0:00:34]} Rd7 {[%emt 0:00:42]} 32. h3 Nf6 33. Nb4 {[%emt 0:02:25]} Nxe4 {[%emt 0:03:19]} 34. Re1 {[%emt 0:00:04]} Nf6 {[%emt 0:00:05]} 35. Rxe8+ {[%emt 0:00:10]} Nxe8 {[%emt 0:00:02]} 36. Nxa6 {[%emt 0:00:10]} Ra7 {[%emt 0:00:56]} 37. Nb4 {[%emt 0:00:06]} Nc7 {[%emt 0:00:10]} 38. Kf2 {[%emt 0:01:47]} Na6 {[%emt 0:00:20]} 39. Nc6 {[%emt 0:00:14]} Ra8 {[%emt 0:00:17]} 40. b4 {[%emt 0:00:56]} Nc7 {[%emt 0:00:29]} 41. Bf3 $19 {[%emt 0:02:05]} 0-1

[Event "FRA-ch Youth 2017"]
[Site "Belfort"]
[Date "2017.04.23"]
[Round "9"]
[White "Gospodaru, Teodora"]
[Black "Rubsamen, Anais"]
[Result "1-0"]
[WhiteElo "1827"]
[BlackElo "1610"]
[Annotator "NA RC"]
[PlyCount "67"]
[EventDate "2017.??.??"]
[EventCountry "FRA"]
[SourceTitle "playchess.com"]
[Source "ChessBase"]
[SourceQuality "1"]
[TimeControl "5400+30"]

{[%evp 8,66,20,10,20,10,54,-2,88,95,89,47,66,29,38,31,62,30,54,44,67,35,66,32767,32767,32767,32767,89,32767,32767,108,104,181,113,161,32767,191,149,146,32767,32767,32767,157,114,244,218,256,32767,32767,32767,905,32767,32767,1334,1318,32767,1612,32767,29982,32767,29981]} 1. d4 {[%emt 0:00:00]} f5 {[%emt 0:00:06]} 2. Nf3 {[%emt 0:00:00]} Nf6 {[%emt 0:00:22]} 3. c4 {[%emt 0:00:07]} e6 {[%emt 0:00:08]} 4. e3 {[%emt 0:01:03]} Be7 {[%emt 0:00:24]} 5. Nbd2 {[%emt 0:00:23] A84: Dutch Defence: 2 c4 Miscellaneous} (5. Bd3 O-O 6. O-O b6 7. Nbd2 Bb7 8. Qc2 c5 9. a3 g6 10. e4 cxd4 11. exf5 gxf5 12. Nxd4 Nc6 13. N2f3 Nxd4 14. Nxd4 Bc5 15. Nb3 Bd6 {0-1 (37) Brunello,S (2544)-Rombaldoni,A (2471) Siena 2010}) 5... O-O {[%emt 0:00:17]} 6. Bd3 {[%emt 0:00:49]} d6 {[%emt 0:00:39]} 7. O-O {[%emt 0:03:37]} Qe8 {[%emt 0:00:18]} (7... c5 $11 {remains equal.}) 8. e4 {[%emt 0:04:45]} Nc6 $146 {[%emt 0:07:48]} (8... fxe4 9. Nxe4 Nxe4 10. Bxe4 c6 11. Qc2 Qh5 12. Ne1 d5 {1-0 (56) Solinas,R (1740)-Malago,F (1960) Mirandola 2011}) 9. a3 {[%emt 0:03:52]} Qh5 {[%emt 0:08:27]} 10. d5 {[%emt 0:06:35]} fxe4 {[%emt 0:08:22]} 11. Nxe4 {[%emt 0:02:09]} Nxe4 {[%emt 0:09:29]} 12. Bxe4 {[%emt 0:00:05]} Nd8 {[%emt 0:00:05]} 13. Be3 {[%emt 0:15:01]} e5 {[%emt 0:04:39]} 14. b4 {[%emt 0:03:27]} Qg4 {[%emt 0:05:44]} 15. Nd2 {[%emt 0:05:59]} Qh4 {[%emt 0:10:52]} 16. Qc2 {[%emt 0:07:08]} Qh5 {[%emt 0:01:40]} 17. c5 {[%emt 0:04:34]} Bf5 {[%emt 0:05:19]} 18. Bxf5 {[%emt 0:01:26]} Rxf5 {[%emt 0:04:20]} 19. Ne4 {[%emt 0:01:38]} Qf7 {[%emt 0:05:47]} (19... Rf8 $16) 20. Rfd1 {[%emt 0:10:41]} Qf8 {[%emt 0:05:19]} 21. Rac1 {[%emt 0:02:13]} Nf7 {[%emt 0:07:48]} 22. cxd6 Nxd6 {[%emt 0:00:27]} 23. Ng3 {[%emt 0:03:13]} Rf7 {[%emt 0:00:06]} 24. Qxc7 {[%emt 0:04:18]} Bg5 {[%emt 0:01:15]} 25. Qc3 {[%emt 0:01:05]} ({Much worse is} 25. Bxg5 $6 Rxc7 26. Rxc7 Qe8 $11) 25... Rc8 {[%emt 0:01:37]} (25... Bf4 $16 {is a better defense.} 26. f3 Rc7) 26. Qxe5 {[%emt 0:02:29]} Bf6 {[%emt 0:02:45]} 27. Rxc8 {[%emt 0:02:49]} Nxc8 {[%emt 0:01:08]} 28. Qe6 {[%emt 0:01:24]} Bb2 {[%emt 0:01:49]} 29. Bc5 {[%emt 0:01:13]} Ne7 {[%emt 0:01:29]} 30. Nf5 Bf6 {[%emt 0:00:40]} 31. Re1 {[%emt 0:01:27]} Kh8 {[%emt 0:01:35]} 32. Nxe7 {[%emt 0:01:45]} Bxe7 {[%emt 0:01:48]} 33. Bxe7 {[%emt 0:00:10]} Qg8 {[%emt 0:00:37]} 34. d6 {[%emt 0:00:43]} 1-0

[Event "FRA-ch Youth 2017"]
[Site "Belfort"]
[Date "2017.04.23"]
[Round "9"]
[White "Salvador, Lucie"]
[Black "Rollot, Florence"]
[Result "0-1"]
[WhiteElo "1823"]
[BlackElo "1973"]
[Annotator "NA RC"]
[PlyCount "84"]
[EventDate "2017.??.??"]
[EventCountry "FRA"]
[SourceTitle "playchess.com"]
[Source "ChessBase"]
[SourceQuality "1"]
[TimeControl "5400+30"]

{[%evp 8,83,8,15,13,5,32767,20,32767,0,37,50,44,53,48,34,32767,32767,32767,71,75,41,42,15,90,32767,73,32767,106,107,145,75,191,75,146,32767,32767,50,178,32767,-61,32767,32767,-83,32767,32767,32767,-345,32767,-219,32767,-118,-108,-135,32767,-118,32767,32767,-67,32767,32767,-597,32767,32767,32767,32767,32767,32767,-1072,32767,32767,32767,32767,-5502,-5497,32767,32767,-29998]} 1. d4 {[%emt 0:00:00]} Nf6 {[%emt 0:00:07]} 2. Nf3 {[%emt 0:00:00]} c5 {[%emt 0:00:06]} 3. g3 {[%emt 0:02:38]} cxd4 {[%emt 0:00:25]} 4. Nxd4 {[%emt 0:02:25]} g6 {[%emt 0:00:26]} 5. Bg2 {[%emt 0:00:16]} Bg7 {[%emt 0:00:14]} 6. O-O {[%emt 0:00:14]} O-O {[%emt 0:00:41]} 7. c4 {[%emt 0:04:23]} Nc6 {[%emt 0:03:40]} 8. e3 {[%emt 0:03:08] E60: King's Indian: Unusual lines and Fianchetto Variation without Nc3} (8. Nc3 Qa5 9. Nb3 Qh5 10. h3 d6 11. g4 Bxg4 12. hxg4 Nxg4 13. Bf4 Be5 14. Qd2 g5 15. Bxe5 Ncxe5 16. Rfc1 Nxc4 17. Qd4 Nce3 18. fxe3 Qh4 19. Nd5 Qf2+ 20. Kh1 Qh4+ 21. Kg1 Qf2+ 22. Kh1 {½-½ (22) Banusz,T (2613)-Bacrot,E (2692) Monzon 2016}) 8... Qb6 {[%emt 0:15:02]} 9. Nc3 {[%emt 0:25:04] LiveBook: 18 Games} a6 {[%emt 0:14:09]} 10. b3 {[%emt 0:05:45]} d6 {[%emt 0:04:09]} 11. Bb2 {[%emt 0:09:02]} Bg4 {[%emt 0:07:59]} 12. Qd2 {[%emt 0:00:12]} Rac8 {[%emt 0:25:38]} 13. Nxc6 {[%emt 0:15:51]} bxc6 {[%emt 0:00:17]} 14. e4 $146 {[%emt 0:00:52]} (14. Rac1 Rfd8 15. Qc2 Bf5 16. e4 Be6 {0-1 (41) Cvitan,I-Grzinic,B Croatia 2010}) 14... Qa5 {[%emt 0:04:11]} 15. h3 {[%emt 0:02:53]} Bd7 {[%emt 0:04:08]} (15... Qh5 $11) 16. Rad1 {[%emt 0:01:34]} Qh5 {[%emt 0:03:06]} 17. Qe2 {[%emt 0:08:47]} Qa5 {[%emt 0:06:56]} 18. f4 {[%emt 0:02:01]} Nh5 {[%emt 0:00:38]} (18... Rcd8 $142) 19. Rd3 {[%emt 0:02:30]} (19. Qe3 $142) 19... Be6 {[%emt 0:02:29]} (19... f5 $16) 20. Rc1 {[%emt 0:07:18]} (20. g4 $18 {is more deadly.}) 20... Bh6 {[%emt 0:04:04]} ({Black should try} 20... Rb8 $14) 21. Qf2 {[%emt 0:02:25]} f5 {[%emt 0:01:17] [#]} 22. Ba1 {[%emt 0:02:25]} (22. Re3 $1 $18) 22... Nf6 {[%emt 0:00:37]} (22... g5 $14) 23. e5 {[%emt 0:01:05]} dxe5 {[%emt 0:00:18]} 24. Re1 {[%emt 0:00:26]} e4 {[%emt 0:00:19]} 25. Rdd1 {[%emt 0:00:19]} Bg7 {[%emt 0:00:22]} 26. Qc2 {[%emt 0:00:36]} Rfd8 {[%emt 0:00:27]} 27. Rc1 $2 {[%emt 0:00:20]} (27. Na4 $17) 27... Rd7 {[%emt 0:00:53]} 28. Na4 {[%emt 0:00:22]} Rcd8 {[%emt 0:01:15]} 29. Bc3 {[%emt 0:00:15]} Qc7 {[%emt 0:00:08]} 30. Nc5 {[%emt 0:00:11]} Qb6 {[%emt 0:00:38]} 31. b4 $2 {[%emt 0:00:09]} (31. Qf2 $16 {is forced if you want to stay better.} Kf7 32. Nxd7 Nxd7 33. Qxb6 Nxb6 34. Bxg7 Kxg7 35. Red1) 31... Bf7 {[%emt 0:00:30]} 32. Kh2 {[%emt 0:00:11]} Rd6 {[%emt 0:00:25]} 33. Nxe4 {[%emt 0:02:05]} Nxe4 {[%emt 0:00:34]} 34. Bxe4 $19 {[%emt 0:00:40]} (34. c5 $17 {was the crucial defense.} Nxc5 35. bxc5 Qxc5 36. Bxg7 Qxc2 37. Rxc2 Kxg7 38. Rxe7) 34... Bxc3 {[%emt 0:00:20]} 35. Qxc3 {[%emt 0:00:21]} Rd2+ {[%emt 0:00:07]} 36. Bg2 {[%emt 0:00:18]} Qf2 {[%emt 0:00:18]} 37. Rg1 {[%emt 0:00:27]} R8d3 {[%emt 0:00:50]} 38. Qe5 {[%emt 0:00:53]} Qxg3+ {[%emt 0:00:37]} 39. Kh1 {[%emt 0:00:07]} Re3 {[%emt 0:00:46]} 40. Qb8+ {[%emt 0:00:54]} Kg7 {[%emt 0:00:01]} 41. Qb6 {[%emt 0:00:24]} Qxf4 {[%emt 0:00:31]} 42. Qxc6 {[%emt 0:00:43]} Rxh3+ 0-1

[Event "FRA-ch Youth 2017"]
[Site "Belfort"]
[Date "2017.04.23"]
[Round "9"]
[White "Imperor, Amelie"]
[Black "Marcenac, Delphine"]
[Result "1-0"]
[WhiteElo "1820"]
[BlackElo "1452"]
[Annotator "NA RC"]
[PlyCount "103"]
[EventDate "2017.??.??"]
[EventCountry "FRA"]
[SourceTitle "playchess.com"]
[Source "ChessBase"]
[SourceQuality "1"]
[TimeControl "5400+30"]

1. e4 {[%emt 0:00:00]} b6 {[%emt 0:00:05]} 2. d4 {[%emt 0:00:00]} Bb7 {[%emt 0:00:08]} 3. Nc3 {[%emt 0:00:14]} e6 {[%emt 0:00:26]} 4. Be2 {[%emt 0:01:36] B00: Queen's Fianchetto Defence, Nimzowitsch Defence} (4. Be3 g6 5. Qd2 Bg7 6. O-O-O d6 7. h4 h6 8. h5 g5 9. f4 gxf4 10. Bxf4 Nd7 11. Nf3 a6 12. Kb1 {1-0 (68) Guseinov,G (2631)-Kamsky,G (2741) Khanty-Mansiysk 2013}) 4... Nf6 {[%emt 0:03:05]} 5. Bf3 {[%emt 0:00:11]} Bb4 {[%emt 0:02:44]} 6. e5 {[%emt 0:05:07]} Nd5 {[%emt 0:11:22]} 7. Bd2 {[%emt 0:01:09]} Bxc3 $146 {[%emt 0:02:52]} (7... c5 8. Nxd5 Bxd2+ 9. Qxd2 Bxd5 10. Bxd5 exd5 11. dxc5 bxc5 12. Qxd5 {1-0 (57) Anton,C (1576)-Chiorescu,V (1326) Baile Felix 2017}) 8. bxc3 {[%emt 0:00:17]} Qc8 {[%emt 0:01:56]} 9. c4 {[%emt 0:03:25]} Ne7 {[%emt 0:00:44]} 10. h4 {[%emt 0:01:54]} c5 {[%emt 0:09:20]} 11. c3 {[%emt 0:13:21]} Bxf3 {[%emt 0:11:21]} 12. Qxf3 {[%emt 0:00:17]} Qc6 {[%emt 0:00:26]} (12... Nbc6 $17) 13. Rh3 {[%emt 0:05:45]} Qxf3 {[%emt 0:03:05]} 14. Nxf3 {[%emt 0:00:04]} Nbc6 {[%emt 0:05:00]} 15. dxc5 {[%emt 0:09:10]} bxc5 {[%emt 0:01:36]} 16. Be3 {[%emt 0:00:06]} Na5 {[%emt 0:00:37]} 17. Bxc5 {[%emt 0:00:12]} Nxc4 {[%emt 0:00:55]} 18. Rb1 {[%emt 0:01:05]} Nc6 {[%emt 0:03:17]} 19. Rg3 {[%emt 0:04:13]} Rg8 {[%emt 0:14:03]} 20. Nd2 {[%emt 0:31:54]} Nxd2 {[%emt 0:02:05]} 21. Kxd2 {[%emt 0:00:05]} Nxe5 {[%emt 0:00:14]} 22. Bd4 {[%emt 0:03:38]} f6 {[%emt 0:00:56]} 23. Rb7 {[%emt 0:07:12]} a6 {[%emt 0:01:15]} 24. Bxe5 {[%emt 0:01:28]} fxe5 {[%emt 0:00:07]} 25. Rd3 {[%emt 0:00:02]} d5 $16 {[%emt 0:03:12]} (25... Rd8 $11) 26. Re3 {[%emt 0:00:05]} (26. Rg3 $16) 26... e4 {[%emt 0:02:43] [#]} 27. f3 {[%emt 0:00:01]} (27. Rg3 $1 $16) 27... Rd8 {[%emt 0:07:03]} 28. fxe4 {[%emt 0:00:43]} dxe4+ {[%emt 0:00:27]} 29. Ke2 {[%emt 0:00:00]} Rd7 {[%emt 0:02:54]} 30. Rxd7 {[%emt 0:00:05]} Kxd7 {[%emt 0:00:05]} 31. Rxe4 {[%emt 0:00:00]} Rb8 {[%emt 0:01:57]} 32. Ra4 {[%emt 0:03:35]} Rb6 {[%emt 0:01:45]} 33. Kd3 {[%emt 0:00:31]} Kd6 {[%emt 0:01:24]} 34. Ra5 {[%emt 0:01:31]} Rc6 {[%emt 0:00:50]} 35. g4 {[%emt 0:01:47]} g6 {[%emt 0:00:42]} 36. Kd4 {[%emt 0:03:22]} h6 {[%emt 0:02:06]} 37. Ra4 {[%emt 0:00:57]} Rb6 {[%emt 0:02:10]} 38. Rb4 {[%emt 0:00:27]} Rc6 {[%emt 0:02:31]} 39. Rb7 {[%emt 0:00:46]} Rc5 {[%emt 0:00:25]} 40. Rb6+ {[%emt 0:00:49]} Rc6 {[%emt 0:00:05]} 41. Rxc6+ {[%emt 0:00:47]} Kxc6 {[%emt 0:00:03]} 42. g5 {[%emt 0:00:03]} hxg5 {[%emt 0:00:37]} 43. hxg5 {[%emt 0:00:01]} Kd6 {[%emt 0:00:15]} 44. a4 {[%emt 0:00:20]} a5 {[%emt 0:00:19]} 45. Ke4 {[%emt 0:00:16]} e5 {[%emt 0:01:37]} 46. c4 {[%emt 0:00:13]} Kc5 {[%emt 0:00:40]} 47. Kxe5 {[%emt 0:00:04]} Kxc4 {[%emt 0:00:05]} 48. Kf6 {[%emt 0:00:08]} Kb4 {[%emt 0:00:09]} 49. Kxg6 {[%emt 0:00:06]} Kxa4 {[%emt 0:00:07]} 50. Kf5 {[%emt 0:00:04]} Kb4 {[%emt 0:00:35]} 51. g6 {[%emt 0:00:06]} a4 {[%emt 0:00:09]} 52. g7 {[%emt 0:00:02]} 1-0

[Event "FRA-ch Youth 2017"]
[Site "Belfort"]
[Date "2017.04.23"]
[Round "9"]
[White "Bartels, Karina"]
[Black "Fretel, Liza"]
[Result "0-1"]
[WhiteElo "1759"]
[BlackElo "1801"]
[Annotator "NA RC"]
[PlyCount "66"]
[EventDate "2017.??.??"]
[EventCountry "FRA"]
[SourceTitle "playchess.com"]
[Source "ChessBase"]
[SourceQuality "1"]
[TimeControl "5400+30"]

{[%evp 8,47,-28,-27,-12,-12,-24,-31,-29,-56,-44,32767,0,-10,7,-57,57,-123,-109,32767,32767,32767,32767,32767,32767,-124,-142,-125,32767,-176,29,-578,-579,-873,-535,-527,-184,32767,-210,-278,-189,-243]} 1. e4 {[%emt 0:00:00]} c5 {[%emt 0:00:05]} 2. Nc3 {[%emt 0:00:00]} Nc6 {[%emt 0:00:07]} 3. d3 {[%emt 0:00:00]} g6 {[%emt 0:00:29]} 4. g4 {[%emt 0:01:21] B23: Closed Sicilian: Lines without g3} Bg7 {[%emt 0:01:11]} 5. Be3 {[%emt 0:00:43]} d6 {[%emt 0:00:13]} 6. Bg2 {[%emt 0:04:23]} Rb8 {[%emt 0:03:40]} 7. h3 {[%emt 0:00:49]} b5 {[%emt 0:02:07]} 8. Qd2 {[%emt 0:01:08]} b4 $146 {[%emt 0:02:04]} (8... Qa5 9. Nge2 h5 10. gxh5 Rxh5 11. f4 {0-1 (35) Krausser,H (2166)-Reich,T (2394) Fuerth 1999}) 9. Nd1 {[%emt 0:00:30]} Ba6 {[%emt 0:03:50]} 10. f4 {[%emt 0:15:59]} e6 {[%emt 0:05:25]} 11. f5 {[%emt 0:11:45]} (11. a3 $11) 11... Nf6 {[%emt 0:08:05]} ({Better is} 11... exf5 $15 12. exf5 Bb7) 12. e5 $2 {[%emt 0:05:15]} (12. g5 $14 {keeps the upper hand.}) 12... Nxe5 {[%emt 0:02:14]} 13. Ne2 {[%emt 0:23:32]} Bb7 {[%emt 0:00:59]} 14. Bxb7 {[%emt 0:02:40]} Rxb7 {[%emt 0:00:05]} 15. O-O {[%emt 0:02:05]} Nfxg4 {[%emt 0:09:28]} 16. hxg4 {[%emt 0:03:52]} Qh4 {[%emt 0:00:51]} ({Worse is} 16... Nxg4 17. fxe6 (17. Bg5 f6 18. Nf4 gxf5 19. Nxe6 Qe7 $11) 17... Qh4 18. Bf4 $11) 17. Nf4 {[%emt 0:06:00]} Nxg4 {[%emt 0:04:38]} 18. fxe6 {[%emt 0:03:02] [#]} g5 $2 {[%emt 0:12:47]} ({Weaker is} 18... Nxe3 19. Nxe3 O-O 20. Qg2 $14) ({Better is} 18... O-O $1 $17 {White must now prevent ...fxe6.} 19. Qg2 Re7) 19. exf7+ $19 {[%emt 0:02:35]} (19. Qg2 $11 {and White stays safe.} O-O 20. Nh3 fxe6 21. Rxf8+ (21. Qxb7 Rxf1+ 22. Kxf1 Qxh3+ 23. Ke2 Qh2+ 24. Bf2 Bxb2 $16) (21. Nxg5 Rbb8 $11) 21... Bxf8 22. Qxb7 (22. Nhf2 Nxe3 23. Nxe3 d5 $11) 22... Qg3+ 23. Kf1 Qxh3+ 24. Ke2) 19... Rxf7 {[%emt 0:00:08]} 20. Ne6 {[%emt 0:03:33]} Rxf1+ {[%emt 0:06:50]} 21. Kxf1 {[%emt 0:00:01]} Qh1+ {[%emt 0:00:31]} (21... Nh2+ $142 22. Kg2 Be5) 22. Ke2 {[%emt 0:00:51]} Be5 {[%emt 0:02:20]} 23. Qe1 {[%emt 0:01:44]} Qg2+ {[%emt 0:01:31]} 24. Nf2 {[%emt 0:01:12]} Nxf2 {[%emt 0:02:17]} 25. Qxf2 {[%emt 0:01:47]} Qg4+ {[%emt 0:00:08]} 26. Qf3 {[%emt 0:00:56]} Qxe6 {[%emt 0:00:26]} 27. Qa8+ {[%emt 0:00:48]} Kf7 {[%emt 0:02:55]} 28. Qxa7+ {[%emt 0:02:30]} Kg6 {[%emt 0:00:20]} 29. Rg1 {[%emt 0:01:24]} Bf4 {[%emt 0:00:35]} 30. Qa4 {[%emt 0:02:43]} Qxe3+ {[%emt 0:00:12]} 31. Kf1 {[%emt 0:00:10]} Bg3 {[%emt 0:00:50]} 32. Rxg3 {[%emt 0:00:27]} Qxg3 {[%emt 0:00:13]} 33. Qd7 {[%emt 0:01:04]} Rf8+ {[%emt 0:00:12]} 0-1

[Event "FRA-ch Youth 2017"]
[Site "Belfort"]
[Date "2017.04.23"]
[Round "9"]
[White "Conti, Anne-Marie"]
[Black "Lomandong Noela-Joyce"]
[Result "0-1"]
[WhiteElo "1712"]
[BlackElo "1987"]
[Annotator "NA RC"]
[PlyCount "102"]
[EventDate "2017.??.??"]
[EventCountry "FRA"]
[SourceTitle "playchess.com"]
[Source "ChessBase"]
[SourceQuality "1"]
[TimeControl "5400+30"]

{[%evp 8,96,8,28,24,23,22,16,18,0,25,-14,-10,-25,-30,32767,32767,-16,32767,-7,-17,-117,-104,-105,-102,-114,-117,-118,-28,-48,-43,-60,-39,-65,-50,-67,32767,-68,-68,32767,-87,32767,-87,-98,-99,-92,-78,-116,-128,-115,-120,-122,-110,32767,32767,-116,-116,-122,-100,32767,32767,-591,-621,32767,-636,-587,-669,-630,-673,-659,32767,32767,-668,-677,-639,32767,-785,-741,-752,-801,32767,-904,-859,-910,-966,32767,32767,32767,32767,32767,-1004]} 1. d4 {[%emt 0:00:00]} d5 {[%emt 0:00:03]} 2. c4 {[%emt 0:00:00]} c6 {[%emt 0:00:03]} 3. Nf3 {[%emt 0:00:00]} Nf6 {[%emt 0:00:04]} 4. g3 {[%emt 0:00:00]} e6 {[%emt 0:00:04]} 5. Bg2 {[%emt 0:00:01]} Be7 {[%emt 0:00:11]} 6. O-O {[%emt 0:00:14]} Nbd7 {[%emt 0:00:33]} 7. b3 {[%emt 0:00:50]} O-O {[%emt 0:00:12]} 8. Qc2 {[%emt 0:02:25]} b6 {[%emt 0:02:31]} 9. Nc3 {[%emt 0:00:21]} Ba6 {[%emt 0:02:31] LiveBook: 56 Games E08: Closed Catalan: Main Line: 7 Qc2} 10. cxd5 {[%emt 0:01:04]} (10. e4 dxc4 11. Rd1 cxb3 12. axb3 Bb7 {½-½ (12) Vallejo Pons,F (2711)-Anton Guijarro,D (2627) Madrid 2016}) 10... cxd5 {[%emt 0:00:24]} 11. a3 $146 {[%emt 0:03:57]} (11. Bb2 Rc8 12. Rfc1 Ne4 13. Qd1 Ba3 14. Bxa3 Nxc3 15. Rxc3 Rxc3 16. Bxf8 Qxf8 17. Qd2 {0-1 (64) Moon,B (2134)-Yang,D (2473) Philadelphia 2015}) 11... Rc8 {[%emt 0:01:51]} 12. Bb2 {[%emt 0:00:36]} Ne4 {[%emt 0:01:46]} 13. Rfc1 {[%emt 0:03:53]} Ndf6 {[%emt 0:13:45]} 14. h3 {[%emt 0:04:30] [#]} (14. Qd1 $11 {keeps the balance.}) 14... Nxc3 $1 {[%emt 0:07:16]} 15. Bxc3 {[%emt 0:03:48]} Ne4 {[%emt 0:00:19]} 16. Qb2 {[%emt 0:01:17]} Nxc3 {[%emt 0:02:24]} 17. Rxc3 {[%emt 0:00:14]} Qd6 {[%emt 0:04:20]} (17... Rxc3 $17 18. Qxc3 Bxe2) 18. Rxc8 {[%emt 0:03:19]} Rxc8 {[%emt 0:00:09]} 19. b4 {[%emt 0:02:01]} Qc6 {[%emt 0:04:35]} 20. e3 {[%emt 0:10:00]} f6 {[%emt 0:02:43]} 21. Ne1 {[%emt 0:11:29]} Qc3 {[%emt 0:04:26]} 22. Qb1 {[%emt 0:03:12]} Bc4 {[%emt 0:04:18]} 23. h4 {[%emt 0:05:26]} Bd6 {[%emt 0:06:41]} 24. Bh3 {[%emt 0:04:17]} Kf7 {[%emt 0:03:38]} 25. Qd1 {[%emt 0:04:03] [#]} Be2 $1 {[%emt 0:03:48]} 26. Qb1 {[%emt 0:02:23]} g6 {[%emt 0:04:32]} 27. Ra2 {[%emt 0:03:02]} Bc4 {[%emt 0:00:08]} 28. Ra1 {[%emt 0:01:17]} Qd2 {[%emt 0:07:34]} ({Don't do} 28... Bxg3 29. fxg3 Qxe3+ 30. Kh2 $15) 29. h5 {[%emt 0:02:26]} Qe2 {[%emt 0:05:14]} 30. hxg6+ {[%emt 0:05:07]} hxg6 {[%emt 0:00:08]} 31. Qd1 {[%emt 0:09:33]} Qxd1 {[%emt 0:04:21]} 32. Rxd1 {[%emt 0:00:22]} Bb3 {[%emt 0:00:05]} 33. Rd3 {[%emt 0:01:53]} Ba4 {[%emt 0:00:28]} 34. Bf1 $2 {[%emt 0:02:25]} (34. f4 {is a better chance.}) 34... Rc1 {[%emt 0:00:36]} 35. Kg2 {[%emt 0:06:43]} Rxe1 {[%emt 0:01:02]} 36. Rc3 {[%emt 0:00:04]} Ra1 {[%emt 0:00:53]} 37. Bd3 {[%emt 0:02:00]} f5 {[%emt 0:01:25]} 38. Be2 {[%emt 0:02:28]} Ra2 {[%emt 0:01:22]} 39. Bd3 {[%emt 0:00:46]} Ke7 {[%emt 0:00:21]} 40. Bb1 {[%emt 0:00:35]} Rb2 {[%emt 0:00:08]} 41. Rc1 {[%emt 0:00:58]} Rb3 {[%emt 0:00:28]} 42. g4 {[%emt 0:00:24]} Rxa3 {[%emt 0:00:20]} 43. Rh1 {[%emt 0:00:59]} Bb5 {[%emt 0:00:46]} 44. g5 {[%emt 0:00:17]} Kf7 {[%emt 0:02:19]} 45. Rh7+ {[%emt 0:00:13]} Kg8 {[%emt 0:00:09]} 46. Rh6 {[%emt 0:00:24]} Kg7 {[%emt 0:00:01]} 47. Rh1 {[%emt 0:01:01]} Bxb4 {[%emt 0:00:55]} 48. Bc2 {[%emt 0:00:28]} Be7 $19 {[%emt 0:00:44]} 49. Rb1 {[%emt 0:00:20]} a6 {[%emt 0:00:08]} 50. Kf3 {[%emt 0:00:41]} Rc3 {[%emt 0:01:01]} 51. Bd1 {[%emt 0:00:15]} Bxg5 {[%emt 0:00:11]} 0-1